Politický okres znojemský

Main Author: Plesinger, Václav, -1937
Language: Czech
Published: Budyně n. Ohří : Václav Plesinger, [mezi 1922 a 1935]
Series: Plesingrovy mapy pol. okresů moravských
Online Access: Digitalizovaný dokument
Physical Description: 1 mapa : barev. ; 25 x 38 cm, na listu 30 x 38 cm
Map
Saved in:
LEADER 01387nem a2200325 a 4500
001 001207603
003 CZ BrMZK
005 20140318101606.0
007 aj ca|||
008 010907q19221935xr g a 0 cze d
034 1 |a a  |b 200000  |d E0153338  |e E0163129  |f N0490754  |g N0484157 
040 |a BOA001  |b cze  |c BOA001 
043 |a e-xr---  |b e-xr-jm  |2 czenas 
072 7 |a 913(437)  |x Geografie Česka a Slovenska, reálie, cestování  |2 Konspekt  |9 7 
072 7 |a 912  |x Mapy. Atlasy. Glóby  |2 Konspekt  |9 7 
080 |a (437.322)  |2 MRF 
080 |a (084.3)  |2 MRF 
100 1 |a Plesinger, Václav,  |d -1937  |7 jk01093401  |4 aut 
245 1 0 |a Politický okres znojemský  |h [kartografický dokument] /  |c nakreslil V. Plesinger 
255 |a Měřítko 1:200 000  |c (015°33´38" v.d.--016°31´29" v.d./049°07´54" s.š.--048°41´57" s.š.) 
260 |a Budyně n. Ohří :  |b Václav Plesinger,  |c [mezi 1922 a 1935] 
300 |a 1 mapa :  |b barev. ;  |c 25 x 38 cm, na listu 30 x 38 cm 
490 1 |a Plesingrovy mapy pol. okresů moravských ;  |v 33 
655 7 |a politické a správní mapy  |7 fd133032  |2 czenas 
651 7 |a Znojmo (Česko : oblast)  |7 ge131457  |2 czenas 
830 0 |a Plesingrovy mapy pol. okresů moravských 
856 4 1 |u http://www.digitalniknihovna.cz/mzk/uuid/uuid:5160db11-a3ed-4e08-aab6-c6a4e1b41d46  |y Digitalizovaný dokument 
910 |a BOA001  |b Mpa-0089.283,33 
990 |a MP 
991 |b 201205